00285nam a2200109Ia 4500008004100000041000800041082000800049100002000057245005300077260003200130520001300162221007s9999 xx 000 0 und d aeng bJAI aJain T (2K1122) 2aA Feasibility Study on Setting up of Call Centre c2003bPune UniversityaPune aAgashe A